书目信息 |
| 题名: |
纵横天下湖南人
|
|
| 作者: | 王开林 著 | |
| 分册: | ||
| 出版信息: | 北京 北京十月文艺出版社 2004.05 |
|
| 页数: | 441页 | |
| 开本: | 21cm | |
| 丛书名: | 十月新散文 | |
| 单 册: | ||
| 中图分类: | I267 | |
| 科图分类: | ||
| 主题词: | 散文--san wen--中国--现代--选集 | |
| 电子资源: | ||
| ISBN: | 7-5302-0701-6 | |
| 000 | 00844nam 2200265 450 | |
| 001 | 012008020981 | |
| 005 | 20080317100024.04 | |
| 010 | @a7-5302-0701-6@dCNY23.00 | |
| 100 | @a20080316d2004 km y0chiy0120 ea | |
| 101 | 0 | @achi |
| 102 | @aCN@b110000 | |
| 105 | @aach a 000cy | |
| 106 | @ar | |
| 200 | 1 | @a纵横天下湖南人@Azong heng tian xia hu nan ren@f王开林著@Fwang kai lin zhu |
| 210 | @a北京@c北京十月文艺出版社@d2004.05 | |
| 215 | @a441页@c图, 肖像, 摹真@d21cm | |
| 225 | 2 | @a十月新散文@Ashi yue xin san wen |
| 320 | @a有书目。 | |
| 330 | @a本书以散文的形式,收入23位湖湘人物,钩沉史料,凭吊史迹,还其鲜活的历史风貌。 | |
| 410 | 0 | @12001 @a十月新散文 |
| 606 | 0 | @a散文@Asan wen@y中国@z现代@j选集 |
| 690 | @aI267@v4 | |
| 701 | 0 | @a王开林@Awang kai lin@4著 |
| 801 | 0 | @aCN@bQSSK@c20080317 |
| 905 | @b20286027-29@dI267@eW243@f3 | |
| 纵横天下湖南人/王开林著.-北京:北京十月文艺出版社,2004.05 |
| 441页:图, 肖像, 摹真;21cm.-(十月新散文) |
| ISBN 7-5302-0701-6:CNY23.00 |
| 本书以散文的形式,收入23位湖湘人物,钩沉史料,凭吊史迹,还其鲜活的历史风貌。 |
| ● |
| 相关链接 |
|
|
|
正题名:纵横天下湖南人
索取号:I267/W243
 
预约/预借
| 序号 | 登录号 | 条形码 | 馆藏地/架位号 | 状态 | 备注 |
| 1 | 286027 | 202860270 | 社科二线400B/400B社科库 26排1列4层/ [索取号:I267/W243] | 在馆 | |
| 2 | 286028 | 202860289 | 文学库116/116文学库 7排1列1层/ [索取号:I267/W243] | 在馆 | |
| 3 | 286029 | 202860298 | 社科二线400B/400B社科库 26排1列5层/ [索取号:I267/W243] | 在馆 |